[Event "Migoya"]
[Site "Migoya"]
[Date "1998.??.??"]
[Round "?"]
[White "Guerra, Pablo"]
[Black "Olivera, Yosvany"]
[Result "1-0"]
[WhiteElo "2380"]
[BlackElo "2060"]
[PlyCount "65"]
[EventDate "1998.??.??"]
[EventType "tourn"]
[EventRounds "12"]
[EventCountry "CUB"]
[SourceTitle "EXT 2003"]
[Source "ChessBase"]
[SourceDate "2002.11.25"]
[SourceVersion "1"]
[SourceVersionDate "2002.11.25"]
[SourceQuality "1"]

1. c4 c5 2. Nf3 Nc6 3. d4 cxd4 4. Nxd4 Nf6 5. Nc3 e6 6. g3 Qb6 7. Nb3 Ne5 8. e4 Bb4 9. Qe2 0-0 10. f4 Nc6 11. e5 Nd4 12. Nxd4 Qxd4 13. Bd2 Ne8 14. 0-0-0 Bxc3 15. Bxc3 Qc5 16. Qd2 a5 17. Qd4 Qc7 18. Bg2 Ra6 19. Kb1 b6 20. Rd2 Ra7 21. Rhd1 Qb8 22. b3 Qc7 23. Bb2 f5 24. Ba3 Rf7 25. Bd6 Qd8 26. Bb8 Ra6 27. c5 b5 28. c6 b4 29. Qc5 a4 30. c7 Qe7 31. Qxe7 Rxe7 32. Bf1 Rb6 33. bxa4 1-0

[Event "Migoya"]
[Site "Migoya"]
[Date "1998.??.??"]
[Round "?"]
[White "Olivera, Yosvany"]
[Black "Triana, Justo"]
[Result "0-1"]
[WhiteElo "2060"]
[BlackElo "2200"]
[PlyCount "98"]
[EventDate "1998.??.??"]
[EventType "tourn"]
[EventRounds "12"]
[EventCountry "CUB"]
[SourceTitle "EXT 2003"]
[Source "ChessBase"]
[SourceDate "2002.11.25"]
[SourceVersion "1"]
[SourceVersionDate "2002.11.25"]
[SourceQuality "1"]

1. d4 Nf6 2. c4 c5 3. d5 d6 4. Nc3 g6 5. e4 Bg7 6. Nf3 0-0 7. Be2 e6 8. dxe6 Bxe6 9. 0-0 Nc6 10. Bf4 Nd4 11. Qd3 Nh5 12. Be3 Qb6 13. Rab1 Nxe2+ 14. Qxe2 Qa6 15. Nd2 Rfe8 16. Qd3 f5 17. f3 Rad8 18. Kh1 f4 19. Bf2 Qa5 20. Nd5 Rd7 21. a3 Qd8 22. b4 b6 23. a4 Qg5 24. Rfd1 Ng3+ 25. Kg1 Be5 26. hxg3 fxg3 27. Be3 Qh4 28. Nf1 Rf8 29. f4 Rdf7 30. Rd2 Bxd5 31. Qxd5 Kh8 32. Qd3 Rxf4 33. Nxg3 Qxg3 34. Bxf4 Qxf4 35. g3 Qg5 36. b5 Bxg3 37. Rg2 Bf2+ 38. Kh1 Qh4+ 39. Rh2 Qe7 40. Rf1 Bd4 41. Rf3 Kg7 42. Rfh3 h5 43. Rg2 Qe5 44. Qe2 Kh6 45. Rhg3 Rf6 46. Qd2+ Kh7 47. Qe2 Qf4 48. Rh3 Qf1+ 49. Qxf1 Rxf1+ 0-1